Microeconomics : (Record no. 1895)

MARC details
000 -LEADER
fixed length control field 00770cam a22002412 4500
001 - CONTROL NUMBER
control field 0000001317
005 - DATE AND TIME OF LATEST TRANSACTION
control field 20151217145724.0
008 - FIXED-LENGTH DATA ELEMENTS--GENERAL INFORMATION
fixed length control field 070305s xx 000 0 eng d
020 ## - INTERNATIONAL STANDARD BOOK NUMBER
International Standard Book Number 0030268478 :
040 ## - CATALOGING SOURCE
Original cataloging agency KABU
Transcribing agency KABU
050 #0 - LIBRARY OF CONGRESS CALL NUMBER
Classification number HB172
Item number .B38 2000
100 1# - MAIN ENTRY--PERSONAL NAME
Personal name Baumol, William J.
-- 0000149958
245 10 - TITLE STATEMENT
Title Microeconomics :
Remainder of title principles and policy /
Statement of responsibility, etc. William J. Baumol, Alan S. Blinder.
250 ## - EDITION STATEMENT
Edition statement 8th ed.
260 ## - PUBLICATION, DISTRIBUTION, ETC. (IMPRINT)
Place of publication, distribution, etc. Fort Worth :
Name of publisher, distributor, etc. Dryden Press, Harcourt College Publishers,
Date of publication, distribution, etc. c2000.
300 ## - PHYSICAL DESCRIPTION
Extent xxx, 524 p. :
Other physical details col. ill. ;
Dimensions 28 cm.
500 ## - GENERAL NOTE
General note Includes index.
650 #0 - SUBJECT ADDED ENTRY--TOPICAL TERM
Topical term or geographic name as entry element Microeconomics.
-- 0000149944
700 1# - ADDED ENTRY--PERSONAL NAME
Personal name Blinder, Alan S.
-- 0000149959
908 ## - PUT COMMAND PARAMETER (RLIN)
Put command parameter 070305
950 ## - LOCAL HOLDINGS (RLIN)
-- 1
Holdings
Withdrawn status Lost status Source of classification or shelving scheme Not for loan Home library Current library Date acquired Total Checkouts Full call number Barcode Date last seen Date last checked out Price effective from Koha item type
    Library of Congress Classification   Kabarak, Main Campus Kabarak, Main Campus 17/12/2015 3 HB172 .B38 2000 001045 02/08/2024 26/11/2019 17/12/2015 General Collection
    Library of Congress Classification   Kabarak, Main Campus Kabarak, Main Campus 17/12/2015 2 HB172 .B38 2000 c.2 001046 02/08/2024 13/07/2018 17/12/2015 General Collection
Designed with assistance from East African Informatics Ltd